Datum a čas kvízu

22.5 Celkem bodů Celkový počet nahraných bodů na tomto kvízu bez doplňovacích otázek.
11. Pořadí na kvízu Konečné umístění týmu na tomto kvízu.

Zaznamenané odpovědi

# Otázka Odpověď Body Výsledky
1. Kvůli volně pohybujícímu se di... los 0
2. Premiér jednoho evropského stá... Nizozemsko 0
3. V pondělí byla slavnostně zahá... Jakub Prachař 0
4. V návaznosti na jistou událost... o Teslu 0
5. Jak se jmenují vítězové mužské... Carlos Alcaraz; Coco Gauff 0.5
6. Které slavné literární dílo je... Kámasútra 1
7. Nyní uvidíte krátký úryvek z p... Bible 0
8. Charles Darwin strávil v roce... Galapágy; pěnkavy 0.5
9. Za půl bodu uveďte, ze kterého... Komunistický manifest (Manifest Komunistické strany); Marx a Engels 0
10. Ať už jste či nejste fanoušky... 2007 (2006 a 2008 za půl bodu) 0